LEADER 02398nas 2200469 n 450 001 990008921200403321 005 20240229084438.0 011 $a0390-8461 035 $a000892120 035 $aFED01000892120 035 $a(Aleph)000892120FED01 035 $a000892120 091 $2CNR$aP 00002620 100 $a20161109b19301931km-y0itaa50------ba 101 0 $aita 102 $aIT 110 $aauu-------- 200 1 $aBollettino d'informazioni del Consiglio Nazionale delle Ricerche 207 1$a1930-1931 210 $aRoma$cConsiglio Nazionale delle Ricerche 440 0$1001000904707$12001$aLa Ricerca scientifica 530 0 $aBollettino d'informazioni del Consiglio Nazionale delle Ricerche 675 $a001.891 675 $a5 675 $a06.05 712 02$aConsiglio nazionale delle ricerche 801 0$aIT$bACNP$c20090723 859 4 $uhttp://acnp.cib.unibo.it/cgi-ser/start/it/cnr/dc-p1.tcl?catno=1287&person=false&language=ITALIANO&libr=&libr_th=unina1$zBiblioteche che possiedono il periodico 901 $aSE 912 $a990008921200403321 958 $aBRAU. Biblioteca di Ricerca di Area Umanistica$b1930-1931.$eITALIA 259$fFLFBC 958 $aBiblioteca "Roberto Stroffolini" - Dipartimento di Scienze Fisiche dell'Universitą Federico II$b1930-1931.$c1931.$fFI1 958 $aBiblioteca del Dipartimento di Entomologia e Zoologia Agraria dell'Universitą degli Studi di Napoli Federico II$b1930;$fDAGEN 959 $aFLFBC 959 $aFI1 959 $aDAGEN 996 $aBollettino d'informazioni del Consiglio Nazionale delle Ricerche$9798989 997 $aUNINA AP1 8 $6866-01$aNA072 BRAU. Biblioteca di Ricerca di Area Umanistica$bITALIA 259$ePiazza Bellini 56/60, 80133 Napoli (NA)$m(081) 2533948$nit AP1 8 $6866-02$aNA079 Biblioteca "Roberto Stroffolini" - Dipartimento di Scienze Fisiche dell'Universitą Federico II$eVia Cintia-Monte S. Angelo, 80126 Napoli (NA)$m081.676253;676756;676443$m081.676434$nit AP1 8 $6866-03$aNA219 Biblioteca del Dipartimento di Entomologia e Zoologia Agraria dell'Universitą degli Studi di Napoli Federico II$eVia Universitą, 100, 80055 Portici (NA)$m0812539188$m0817755145$nit AP2 40$aacnp.cib.unibo.it$nACNP Italian Union Catalogue of Serials$uhttp://acnp.cib.unibo.it/cgi-ser/start/it/cnr/df-p.tcl?catno=1287&language=ITALIANO&libr=&person=&B=1&libr_th=unina&proposto=NO LEADER 04471nam 22009855 450 001 996308827203316 005 20240424143530.0 010 $a3-11-052604-2 024 7 $a10.1515/9783110526042 035 $a(CKB)3800000000210486 035 $a(DE-B1597)474690 035 $a(OCoLC)992454142 035 $a(DE-B1597)9783110526042 035 $a(MiAaPQ)EBC5494946 035 $a(Au-PeEL)EBL5494946 035 $a(OCoLC)1021276808 035 $a(oapen)https://directory.doabooks.org/handle/20.500.12854/41827 035 $a(EXLCZ)993800000000210486 100 $a20190615d2017 fg 101 0 $aeng 135 $aur||#|||||||| 181 $ctxt$2rdacontent 182 $cc$2rdamedia 183 $acr$2rdacarrier 200 10$aBarriers to Play and Recreation for Children and Young People with Disabilities /$fCarol Barron, Angharad Beckett, Marieke Coussens, Annemie Desoete, Nan Cannon Jones, Helen Lynch, Maria Prellwitz, Deborah Fenney Salkeld 210 $cDe Gruyter$d2017 210 1$aWarsaw ;$aBerlin :$cDe Gruyter Open Poland,$d[2017] 210 4$d©2017 215 $a1 online resource 311 $a3-11-052603-4 327 $tFrontmatter --$tContents --$tBiography --$t1 Introduction --$t2 Overview of Play Studies --$t3 The Right to Play --$t4 Definition of Disability --$t6 Methodology --$t7 Findings --$t8 Discussion and Conclusion --$t9 Recommendations --$tReferences 330 $aThis report reviews international research into the barriers to play for children with disabilities. The authors come from different disciplinary backgrounds, in Sociology, Social Policy, Anthropology, Occupational Health and Education and bring different concerns to this review. They are united, however, in their adoption of a rights-based perspective. The UNCRC and UNCRPD emphasise the right to play for children with disabilities. Play is vital for child development. The problem of 'play deprivation' for many children with disabilities is very real. Yet the right to, and value of 'play for the sake of play', for fun and recreation, must not be forgotten in relation to the lives of children with disabilities. The focus in this report is upon barriers to play that exist beyond the minds and bodies of individual children, within a 'disabling' environment. Barriers include those associated with the design of the built environment, social attitudes and professional practices. The report maps an agenda for further research in this area, emphasising the need for participatory methodologies that capture the views and voices of children with disabilities, their friends and families, on this important issue of play. 606 $aAccessibility 606 $aBarriers 606 $aDisability 606 $aExclusion 606 $aInequality 606 $aPlay 606 $aRights 606 $aSocial Attitudes 606 $aUseability 606 $3(DE-601)104360100$3(DE-588)4030550-8$aKind$2gnd 606 $3(DE-601)105835323$3(DE-588)4112696-8$aBehinderung$2gnd 606 $3(DE-601)106125621$3(DE-588)4064016-4$aVorschulerziehung$2gnd 606 $3(DE-601)248012134$3(DE-588)4511937-5$aOnline-Ressource$2gnd 606 $aSOCIAL SCIENCE / People with Disabilities$2bisacsh 610 $aAccessibility. 610 $aBarriers. 610 $aDisability. 610 $aExclusion. 610 $aInequality. 610 $aPlay. 610 $aRights. 610 $aSocial Attitudes. 610 $aUseability. 615 4$aAccessibility. 615 4$aBarriers. 615 4$aDisability. 615 4$aExclusion. 615 4$aInequality. 615 4$aPlay. 615 4$aRights. 615 4$aSocial Attitudes. 615 4$aUseability. 615 7$aKind 615 7$aBehinderung 615 7$aVorschulerziehung 615 7$aOnline-Ressource 615 7$aSOCIAL SCIENCE / People with Disabilities. 676 $a305.231087 686 $aDK 2000$2rvk 700 $aBarron$b Carol$0998472 702 $aBeckett$b Angharad 702 $aCannon Jones$b Nan 702 $aCoussens$b Marieke 702 $aDesoete$b Annemie 702 $aFenney Salkeld$b Deborah 702 $aLynch$b Helen 702 $aPrellwitz$b Maria 801 0$bDE-B1597 801 1$bDE-B1597 906 $aBOOK 912 $a996308827203316 996 $aBarriers to Play and Recreation for Children and Young People with Disabilities$92290449 997 $aUNISA